Comercio exterior de Costa Rica - año 1961

Uloženo v:
Podrobná bibliografie
Korporativní autor: Costa Rica. Ministerio de Economía, Industria y Comercio. Dirección General de Estadísticas y Censos
Médium: Text
Vydáno: San José : Publicaciones de la DGEC
Tagy: Přidat tag
Žádné tagy, Buďte první, kdo vytvoří štítek k tomuto záznamu!

MARC

LEADER 00000 a a2200000 04500
001 16329
003
040
090 |a 0001 CR8375c 1961  
110 |a Costa Rica. Ministerio de Economía, Industria y Comercio. Dirección General de Estadísticas y Censos  
245 |a Comercio exterior de Costa Rica - año 1961  
260 |a San José :   |b Publicaciones de la DGEC  
300 |a 373 p  
999 |c 14614  |d 14614